Profile 1 : pre-intermediate student's book /

Guardado en:
Autor Principal: Naunton, Jon
Otros Autores: Tulip, Mark
Formato: Libro
Publicado: New York : Oxford, 2005
Series:Business English
Materias:
Etiquetas: Agregar Etiqueta
Sin Etiquetas, Sea el primero en etiquetar este registro!
LEADER 00723nam a22002295a 4500
001 CEM.cems012836
005 20080422113341.0
008 130507s2005##################000#0#####d
003 CEMS
020 |a 0194575756 
082 0 4 |a 428.64 
100 1 |a Naunton, Jon 
245 1 0 |a Profile 1 :  |b pre-intermediate student's book /  |c Jon Naunton, Mark Tulip 
260 |a New York :  |b Oxford,  |c 2005 
300 |a 143 p. + 1 CD-ROM 
490 0 |a Business English 
500 |a With video interviews on Cd-rom 
653 |a Inglés 
653 |a Textos-inglés 
700 1 |a Tulip, Mark 
859 |a CEMS  |b BIB. CEMS - 11 de abril  |h 428.64  |i N226  |p 25095.08  |t Ej.1  |v 1  |3 1 
859 |a CEMS  |b BIB. CEMS - 11 de abril  |h 428.64  |i N226  |p 27345.17  |t Ej.2  |v 1  |3 1